00285nam a2200109Ia 4500008004100000082002300041100002300064245003300087260003900120300000800159650000800167240116s9999 xx 000 0 und d a347.0775491bPAK-T aPakistan law house 4aThe Spacific relife Act 1877 aPakistanbPakistan law housec2021 a241 aLaw